জাভা প্রোগ্রামিং / (Record no. 85)
[ view plain ]
| 000 -LEADER | |
|---|---|
| fixed length control field | 00765nam a2200205 4500 |
| 001 - CONTROL NUMBER | |
| control field | 20574 |
| 003 - CONTROL NUMBER IDENTIFIER | |
| control field | BD-DhUAP |
| 005 - DATE AND TIME OF LATEST TRANSACTION | |
| control field | 20240520173726.0 |
| 008 - FIXED-LENGTH DATA ELEMENTS--GENERAL INFORMATION | |
| fixed length control field | 200116s2017 bg a|||| |||| 00| 0 ben d |
| 020 ## - INTERNATIONAL STANDARD BOOK NUMBER | |
| International Standard Book Number | 9789849216445 |
| 040 ## - CATALOGING SOURCE | |
| Original cataloging agency | BD-DhUAP |
| Language of cataloging | Bangla |
| Transcribing agency | BD-DhUAP |
| Modifying agency | BD-DhUAP |
| 082 ## - DEWEY DECIMAL CLASSIFICATION NUMBER | |
| Edition number | 23 |
| Classification number | 005.133 RAH |
| 100 ## - MAIN ENTRY--PERSONAL NAME | |
| Personal name | রহমান, আ ন ম বজলুর। |
| 245 ## - TITLE STATEMENT | |
| Title | জাভা প্রোগ্রামিং / |
| Statement of responsibility, etc. | আ ন ম বজলুর রহমান। |
| 260 ## - PUBLICATION, DISTRIBUTION, ETC. | |
| Place of publication, distribution, etc. | ঢাকা : |
| Name of publisher, distributor, etc. | দ্বিমিক প্রকাশনী, |
| Date of publication, distribution, etc. | c২০১৭। |
| 300 ## - PHYSICAL DESCRIPTION | |
| Extent | ৪৬৩ পৃষ্ঠা : |
| Other physical details | চিত্র ; |
| Dimensions | ২৪ সেমি.। |
| 650 ## - SUBJECT ADDED ENTRY--TOPICAL TERM | |
| Topical term or geographic name entry element | Java (Computer program language). |
| 650 ## - SUBJECT ADDED ENTRY--TOPICAL TERM | |
| Topical term or geographic name entry element | Computer programming. |
| 942 ## - ADDED ENTRY ELEMENTS (KOHA) | |
| Source of classification or shelving scheme | |
| Koha item type | Book |
| Withdrawn status | Lost status | Source of classification or shelving scheme | Damaged status | Not for loan | Permanent Location | Current Location | Shelving location | Date acquired | Total Checkouts | Total Renewals | Full call number | Barcode | Date last seen | Date last checked out | Copy number | Price effective from | Koha item type | Date due |
|---|---|---|---|---|---|---|---|---|---|---|---|---|---|---|---|---|---|---|
| UAP Central Library | UAP Central Library | General Stacks | 2020-01-16 | 7 | 10 | 005.133 RAH | 3010020574 | 2024-06-03 | 2024-05-16 | 1 | 2020-01-16 | Book | ||||||
| UAP Central Library | UAP Central Library | General Stacks | 2020-01-16 | 5 | 5 | 005.133 RAH | 3010020575 | 2023-08-24 | 2023-08-06 | 2 | 2020-01-16 | Book | ||||||
| UAP Central Library | UAP Central Library | General Stacks | 2020-01-16 | 6 | 7 | 005.133 RAH | 3010020570 | 2025-12-21 | 2025-12-21 | 3 | 2020-01-16 | Book | 2026-01-04 | |||||
| UAP Central Library | UAP Central Library | General Stacks | 2020-01-16 | 6 | 4 | 005.133 RAH | 3010020578 | 2023-05-25 | 2023-02-13 | 4 | 2020-01-16 | Book | ||||||
| UAP Central Library | UAP Central Library | General Stacks | 2020-01-16 | 1 | 005.133 RAH | 3010020579 | 2022-08-07 | 2022-07-24 | 5 | 2020-01-16 | Book | |||||||
| UAP Central Library | UAP Central Library | General Stacks | 2020-01-16 | 5 | 4 | 005.133 RAH | 3010020577 | 2023-07-17 | 2023-03-28 | 6 | 2020-01-16 | Book | ||||||
| UAP Central Library | UAP Central Library | General Stacks | 2020-01-16 | 1 | 2 | 005.133 RAH | 3010020576 | 2023-04-12 | 2023-03-07 | 7 | 2020-01-16 | Book | ||||||
| UAP Central Library | UAP Central Library | General Stacks | 2020-11-16 | 005.133 RAH | 3010020572 | 2020-11-16 | 8 | 2020-11-16 | Book | |||||||||
| UAP Central Library | UAP Central Library | General Stacks | 2020-11-16 | 1 | 005.133 RAH | 3010020573 | 2021-08-22 | 2021-08-22 | 9 | 2020-11-16 | Book | 2021-09-05 | ||||||
| UAP Central Library | UAP Central Library | General Stacks | 2020-11-16 | 13 | 4 | 005.133 RAH | 3010020571 | 2023-01-09 | 2022-11-21 | 10 | 2020-11-16 | Book |
Bengali Keyboard